Les 20 plus gros transferts du Real Madrid - Statistiques

Statistiques générales
  • Ce quiz a été pris 1 022 fois
  • Le résultat moyen est 14 sur 20
Statistiques - réponses
Club Transfert Club Joueur % Correct
Real Madrid 117M Juventus Ronaldo
100%
Manchester united 94M Real Madrid Ronaldo
100%
Inter Milan 45M Real Madrid Ronaldo
100%
Tottenham 101M Real Madrid Bale
89%
Chelsea 115M Real Madrid Hazard
88%
Dortmund 103M Real Madrid Bellingham
85%
Flamengo 45M Real Madrid Vinicius
79%
Juventus 77.5M Real Madrid Zidane
75%
Barcelone 60M Real Madrid Figo
74%
Monaco 80M Real Madrid Tchouameni
74%
Santos 45M Real Madrid Rodrygo
66%
Real Madrid 70.65M Manchester united Casemiro
64%
AC Milan 67M Real Madrid Kaka
63%
Real Madrid 75M Manchester united Di maria
58%
Monaco 75M Real Madrid James
58%
Francfort 63M Real Madrid Jovic
54%
OL 48M Real Madrid Mendy
54%
Porto 50M Real Madrid Militao
40%
Real Madrid 66M Chelsea Morata
39%
Real Madrid 45M Chelsea Kovacic
34%
Aucun quiz correspondant
Distribution des résultats
% des personnes avec chaque résultat
Percentile par nombre de réponses
Votre historique - résultats
Vous n’avez pas pris ce quiz